000 01278nji a22002777a 4500
005 20100903161258.0
006 a|||||r|||||00| 0
007 sd ammalaaahaa
008 100830t xxu||||| |||| 00| 0 eng d
028 _aN 80136
_bHis Master's Voice
035 _aGR-00557
040 _aSED
_cSED
100 _917455
_aBanerjee, Kanika
245 _aJin prem kiyo bhajan guru govind singh /
_cby Kanika Banerjee ; music by Lakshaman Hazra
_h[sound recording] :
246 _aजिन प्रेम कियो भजन गुरु गोविन्द सिंह / कनिका बनर्जी द्वारा
260 _aDum Dum, India
_bHis Master's Voice
_cn.d.
300 _a1 sound disc [Gramophone Recording]:
_banalog, 33 1/3 rpm
_c9.5 in. (MP)
_fGramophone Record
500 _aBrief Record
505 _aSide -2 मोरी चुनरी मैं पद गयो दाग कबीर भजन (Mori chunari main pad gayoo daag- Kabir Bhajan) Kanika Banerjee
650 _aClassical music
_zIndia
_91186
_xExcerpts
700 _917416
_aHazara, Lakshaman
700 _917456
700 _918240
942 _2ddc
_cGR
999 _c43723
_d43723